| 000 | 00549nam a22002057a 4500 | ||
|---|---|---|---|
| 003 | OSt | ||
| 005 | 20140310184527.0 | ||
| 008 | 121112t xxu||||| |||| 00| 0 eng d | ||
| 020 | _a0439443016 | ||
| 050 |
_aGV 884.I84 _b.H275 2003 |
||
| 100 |
_aHereas, John _930296 |
||
| 245 |
_aNBA all-star Allen Iverson / _cJohn Hareas |
||
| 260 |
_aNew York : _bScholastic Inc., _c2003. |
||
| 300 |
_g20.5 cm. _a39 p. : _bcol. ill. ; |
||
| 521 | _aG3 | ||
| 526 | _c510 | ||
| 650 |
_aNBA _xAllen Iverson _930340 |
||
| 942 |
_2lcc _cBK-SCHOLAS |
||
| 999 |
_c35144 _d35144 |
||